All Pixar Villains By Movie - Statistics

General Stats
  • This quiz has been taken 34 times
  • The average score is 13 of 29
Answer Stats
Release Date Movie Answer % Correct
1995 Toy Story Sid
86%
1999 Toy Story 2 Big Al
82%
2004 The Incredibles Syndrome
79%
1999 Toy Story 2 Stinky Pete
75%
2010 Toy Story 3 Lotso
71%
2024 Inside Out 2 Anxiety
68%
2006 Cars Chick Hicks
68%
1998 A Bug's Life Hopper
68%
2001 Monsters Inc Randall Boggs
68%
2004-2019 The Incredibles/The Incredibles 2 The Underminer
61%
2022 Lightyear Zurg
61%
2017 Coco Ernesto De La Cruz
57%
2008 WALL-E Auto
50%
2001 Monsters Inc Henry Waternoose
50%
2017 Cars 3 Jackson Storm
50%
2009 Up Charles Muntz
46%
2019 The Incredibles 2 Evelyn Deavor
39%
2019 Toy Story 4 Gabby Gabby
39%
2007 Ratatouille Skinner
39%
2012 Brave Mor'du
36%
2026 Toy Story 5 Lilypad
32%
2011 Cars 2 Miles Axelrod
29%
2007 Ratatouille Ego
21%
2015 The Good Dinosaur Thunderclap
21%
2021 Luca Ercole
18%
2025 Elio Grigon
7%
2013 Monsters University Jonny J. Worthington
4%
2026 Hoppers Mayor Jerry Generazzo
4%
2011 Cars 2 Professor Vandepp
0%
No matching quizzes found
Score Distribution
Percent of People with Each Score
Percentile by Number Answered
Your Score History
You have not taken this quiz